banner koha

ATR-FTIR spectroscopy combined with chemometric tools for rapid distinction of Passiflora L. species (Registro n. 327927)

MARC details
000 -LÍDER
fixed length control field 02702nab a2200301 i 4500
003 - CÓDIGO MARC DA AGÊNCIA CATALOGADORA
Campo de controle BR-BrBNA
005 - DATA E HORA DA ÚLTIMA ATUALIZAÇÃO
Campo de controle 20241004121810.0
008 - CAMPO DE TAMANHO FIXO
fixed length control field 241004b2023 bl.qr|pooa||| 00| 0 eng |
040 ## - FONTE DA CATALOGAÇÃO
Agência catalogadora BR-BrBNA
Idioma da catalogação eng
072 ## - CATEGORIA AGRIS
Código AGRIS Q04
072 ## - CATEGORIA AGRIS
Código AGRIS F60
100 ## - ENTRADA PRINCIPAL - NOME PESSOAL
Nome pessoal Dutra, Livia Macedo
100 ## - ENTRADA PRINCIPAL - NOME PESSOAL
Nome pessoal Teles, Pedro Henrique Vieira
100 ## - ENTRADA PRINCIPAL - NOME PESSOAL
Nome pessoal Melo, Natoniel Franklin de
100 ## - ENTRADA PRINCIPAL - NOME PESSOAL
Nome pessoal Nagata, Noemi
100 ## - ENTRADA PRINCIPAL - NOME PESSOAL
Nome pessoal Almeida, Jackson Roberto Guedes da Silva
245 ## - TÍTULO PRINCIPAL
Título principal ATR-FTIR spectroscopy combined with chemometric tools for rapid distinction of Passiflora L. species
500 ## - NOTA GERAL
Nota geral Publicação on-line; 48 ref.; 2 illus.; Summary (En)
942 ## - ADDED ENTRY ELEMENTS (KOHA)
Koha item type Analítica
520 ## - NOTA DE RESUMO
Nota de conteúdo <br/><br/>ABSTRACT <br/><br/>Passiflora spp., commonly known as passion fruit, hold significant economic value in pharmaceutical, cosmetic, and food industries, and are traditionally employed to alleviate insomnia and anxiety. Several analytical techniques are utilized for quality control and differentiation of medicinal plants with therapeutic purposes. In this study, we investigated the potential of Attenuated Total Reflection Fourier Transform Infrared (ATR-FTIR) spectroscopy coupled with chemometric analysis as a rapid and non-invasive method for discriminating six Passiflora species. The ATR-FTIR fingerprint revealed a large number of vibrational absorption bands in the region at 2000 to 600 cm−1 typical of phenolic compounds, flavonoids, terpenoids, polysaccharides, polyesters, pectins, lignins, and lipids in Passiflora spp. Principal components analysis of the wavenumbers of ATR data was effective in the differentiation of Passiflora (Passiflora alata Curtis, Passiflora cincinnata Mast., Passiflora setacea DC., Passiflora alata Curtis var. BRS Mel do Cerrado, Passiflora cincinnata Mast. var. BRS Sertão Forte, and Passiflora setacea DC. var. BRS Pérola do Cerrado). The loadings plot revealed that the discrimination by Passiflora spp. fingerprint were mainly to the presence of flavonoids. These results suggest ATR-IR as a potentially reliable alternative for characterization, chemophenetic studies, and quality control purposes of medicinal plants. <br/><br/>Keywords: ATR-FTIR, Passiflora, fingerprint, flavonoids, chemometric, quality control.
650 ## - ASSUNTO - THESAGRO
Cabeçalho tópico ou nome geográfico PASSIFLORA EDULIS
650 ## - ASSUNTO - THESAGRO
Cabeçalho tópico ou nome geográfico MARACUJÁ
650 ## - ASSUNTO - THESAGRO
Cabeçalho tópico ou nome geográfico CONTROLE DE QUALIDADE
650 ## - ASSUNTO - THESAGRO
Cabeçalho tópico ou nome geográfico FLAVONÓIDE
773 0# - ENTRADA ANALÍTICA
Host Biblionumber 3543
Registro do item 344958
Imprenta Botucatu-SP Instituto de Biociências - Departamento de Química e Bioquímica 1998
Outro identificador 2024-5346
Título Revista Brasileira de Plantas Medicinais (Brazil)
ISSN 1516-0572
Colação v. 25(2) p. 54-62; (2023)
Número de controle de registro BR2024002641
856 ## - ACESSO E ENDEREÇO ELETRÔNICO
Identificador uniforme de recurso - URI https://www.sbpmed.org.br/admin/files/papers/file_jiqYRWQw08E9.pdf

Nenhum exemplar disponível.

BINAGRI

Telefone: (61)3218-2567/2388/3357/2097 - binagri@agro.gov.br

Ministério da Agricultura e Pecuária , Esplanada dos Ministérios, Bloco D, Anexo B, Brasília/DF, CEP: 70.043-900